| 000 | 01077cab a2200241 4500 | ||
|---|---|---|---|
| 001 | E131037 | ||
| 008 | 050519n2005 000 0 eng u | ||
| 020 | _a0755948084 | ||
| 035 | _a(Sirsi) u131037 | ||
| 041 | _aeng | ||
| 050 | _a333.332 | ||
| 110 |
_aArneil Johnston _94765 |
||
| 245 | _aEvaluation of the single survey pilot: stage two - final report | ||
| 260 |
_aEdinburgh _bScottish Executive _c2005 |
||
| 300 | _a51p. ; 30cm. | ||
| 520 | _aPresents an evaluation of the Single Survey Pilot, undertaken from July 2004 to April 2005. Evaluates the Single Survey as a product, its application in a diversity of market contexts and locations and its impact on the transaction process from the perspective of all key stakeholders. | ||
| 590 | _aIKA270905 | ||
| 650 | _aSCOTLAND | ||
| 650 | _aSCOTTISH SINGLE SURVEY SCHEME | ||
| 690 | _aPROPERTY-RESIDENTIAL PROPERTY-RESIDENTIAL PROPERTY APPRAISAL AND VALUATION | ||
| 856 |
_ahttp://www.scotland.gov.uk/Publications/2005/09/02142657/26576 _zView the item free of charge at www.scotland.gov.uk... |
||
| 942 | _n0 | ||
| 999 |
_c104622 _d104622 |
||